000 00354nam a2200157Ia 4500
008 240830s1914 xx 000 0 und d
041 _amal
082 _a1
100 _aKALOKHE
245 _aFIRANGROAG & PUYPRAMEH
250 _a1
260 _aSANGALI
_bN.D.
_c1914
300 _a100p
906 _aFIRANGROAG & PUYPRAMEH
999 _c1183884
_d1183884